00554pab a2200193 454500008004000000100002200040245006100062260000900123300001500132362000800147650001100155650001200166700001600178773002900194908000600223909001000229999001700239952010400256180718b2011 xxu||||| |||| 00| 0 eng d aBerthoud, Richard aIncome, deprivation and poverty: A longitudinal analysis c2011 ap.135-156. aJan aIncome aPoverty aBryan, Mark aJournal of Social Policy aN a92415 c92415d92415 00104070aIIPAbIIPAd2018-07-19hVolume no: 40, Issue no: 1pAR92875r2018-07-19w2018-07-19yAR